En qué consiste el compromiso de informar al receptor /

La autora fundamenta la necesidad de información como un derecho fundamental del hombre que expresa la tendencia natural hacia el conocimiento. Los medios de comunicación son instrumentos para que esta información llegue a los miembros de la sociedad. La calidad informativa gira en torno a tres ejes...

Fuld beskrivelse

Guardado en:
Bibliografiske detaljer
Hovedforfatter: Réniz Caballero, Doris
Format: Texto
Fag:
Tags: Tilføj Tag
Ingen Tags, Vær først til at tagge denne postø!

MARC

LEADER 00000 a a2200000 04500
001 3810
003
040
100 |a Réniz Caballero, Doris  
245 |a En qué consiste el compromiso de informar al receptor /  |c Doris Réniz Caballero 
520 |a La autora fundamenta la necesidad de información como un derecho fundamental del hombre que expresa la tendencia natural hacia el conocimiento. Los medios de comunicación son instrumentos para que esta información llegue a los miembros de la sociedad. La calidad informativa gira en torno a tres ejes: el respeto a un código deontológico, la búsqueda de una identidad y la coherencia de sus contenidos.DOC/WMV  
650 |a COMUNICACION  
650 |a COMUNICACION DE MASAS  
650 |a TELECOMUNICACIONES  
650 |a SISTEMAS DE COMUNICACION  
650 |a DIFUSION DE LA INFORMACION  
650 |a ETICA  
650 |a SISTEMA DE VALORES  
650 |a CONFLICTOS  
773 |g volumen 16, número 2 (62); páginas 99-112  
999 |c 34238  |d 34238